000 00240nam a2200097Ia 4500
001 689303
005 20250826161631.0
008 250824s9999 xx 000 0 und d
245 0 _aFAUST (ANTİK)
_cGOETHE
260 _bANTİK DÜNYA KLASİKLERİ
999 _c689303
_d689303